| 000 | 01700nam a22002777a 4500 | ||
|---|---|---|---|
| 999 |
_c61261 _d61261 |
||
| 003 | Ge_BSU | ||
| 005 | 20240718143542.0 | ||
| 008 | 240116s2012 ge ||||| |||| 00| 0 geo d | ||
| 020 | _a9789941418532 | ||
| 041 | _ageo | ||
| 080 | _a7(09) გ-65 | ||
| 100 |
_aგომბრიხი, ე.ჰ. _921048 |
||
| 245 |
_aხელოვნების ამბავი / _c ე.ჰ. გომბრიხი ; [მთარგმნ.: ნანა ალექსიძე, ლალი ანდრონიკაშვილი, ლაშა ბერაია [და სხვ.] ; სამეცნ. რედ. დიმიტრი თუმანიშვილი]. |
||
| 264 |
_a[თბ.] : _bლოგოს პრესი, _c2019. |
||
| 300 |
_a688 გვ. : _b ილ. ; _c24 სმ. |
||
| 440 |
_aმსოფლიო ბესტსელერი წიგნი ხელოვნებაზე _921049 |
||
| 500 | _aტერმინთა საძიებელი: გვ. 674-676. | ||
| 653 | _aხელოვნების ისტორია | ||
| 700 |
_aალექსიძე, ნანა _eმთარგმნელი _921050 |
||
| 700 |
_aანდრონიკაშვილი, ლალი _eმთარგმნელი _921051 |
||
| 700 |
_aბერაია, ლაშა _eმთარგმნელი _921052 |
||
| 700 |
_aბულია, მარინე _eმთარგმნელი _921053 |
||
| 700 |
_aგველესიანი, ლაშა _eმთარგმნელი _97510 |
||
| 700 |
_aთუმანიშვილი, დიმიტრი _eრედაქტორი _921054 |
||
| 942 |
_2udc _cᲬᲘᲒᲜᲘ |
||